000
00284pam a2200121 a 4500
020
_c
041
_h
082
_a
708
_b
VAD
245
_a
Are We like this only
_h
Textual Documents
260
_a
[s.l]:
_b
Vadhera Art Gallery , Delhi,
_c
2005.
300
_a
74:
_b
paper.
930
_a
6997
999
_c
240787
_d
240787